| 000 | 00000nam##2200000za#4500 |
| 001 | 9.569111 |
| 003 | CaOODSP |
| 005 | 20210624181616 |
| 007 | cr ||||||||||| |
| 008 | 150406|2000||||xxc|||||o f|0| 0 eng|d |
| 040 | |aCaOODSP|beng |
| 043 | |an-cn--- |
| 086 | 1 |aBT31-4/71-2000E-PDF |
| 110 | 1 |aCanada. |bTreasury Board. |
| 245 | 10|aRegistry of the Federal Court of Canada, performance report for the period ending March 31, 2000 |h[electronic resource] |
| 260 | |aOttawa - Ontario : |bTreasury Board of Canada Secretariat |cc2000. |
| 300 | |a27p.|borganization chart, tables, index |
| 490 | 1 |aPerformance report for the period ending March 31, 2000 |vFor the period ending March 31, 2000 |
| 500 | |aThe catalogue number (BT31-4/71-2000) and ISBN (0-660-61369-7) for the bilingual print edition have been incorrectly copied in this electronic publication. |
| 590 | |a11-04-Supp|b2011-02-17 |
| 775 | 08|tGreffe de la Cour fédérale du Canada, rapport sur le rendement pour la période se terminant le 31 mars 2000 |w(CaOODSP)9.600350 |
| 776 | 0#|tRegistry of the Federal Court of Canada |w(CaOODSP)9.534136 |
| 776 | 0#|tGreffe de la Cour fédérale du Canada |w(CaOODSP)9.534137 |
| 830 | #0|aPerformance report for the period ending March 31, 2000 ;|vFor the period ending March 31, 2000|w(CaOODSP)9.506305 |
| 856 | 40|ahttp://publications.gc.ca|qPDF|s238 KB|uhttps://publications.gc.ca/collections/Collection/BT31-4-71-2000E.pdf|yFor the period ending March 31, 2000 |